Statistics for Provinces of Indonesia by Picture

Click here to take the quiz!

General Stats

  • This quiz has been taken 16 times
  • The average score is 25 of 34

Answer Stats

Answer% Correct
Jakarta
100%
Bali
91%
Aceh
82%
Gorontalo
82%
North Sulawesi
82%
Yogyakarta
82%
Bangka-Belitung
73%
Central Java
73%
Central Sulawesi
73%
East Java
73%
East Kalimantan
73%
East Nusa Tenggara
73%
Jambi
73%
Lampung
73%
Maluku
73%
North Kalimantan
73%
North Sumatra
73%
Papua
73%
Riau
73%
South Kalimantan
73%
South Sulawesi
73%
South Sumatra
73%
West Java
73%
West Kalimantan
73%
West Nusa Tenggara
73%
West Papua
73%
West Sulawesi
73%
West Sumatra
73%
Banten
64%
Bengkulu
64%
Central Kalimantan
64%
North Maluku
64%
Riau Islands
64%
South East Sulawesi
64%

Score Distribution

Percentile by Number Answered

Percent of People with Each Score

Your Score History

You have not taken this quiz